000 00664nam a2200217Ia 4500
001 15711
003 GE_BSU
008 181216s||||||||xx |||||||||||||| ||und||
040 _cGE_BSU
080 _a821.353.1-11
100 _aწერეთელი, ა.
245 _aთორნიკე ერისთავი.
245 _bისტორიული პოემა
245 _cრედ.კ.ჭანტურიშვილი
260 _aთბილისი
260 _bსაბლიტგამი
260 _c1940
300 _a76 გვ. ; 17 სმ.
653 _aთორნიკე ერისთავი.
942 _cBK
999 _c48809
_d48809